Statistiques concernant Littérature commençant par la lettre Z

Cliquez ici pour prendre le quiz!

Statistiques générales

  • Ce quiz a été pris 691 fois
  • Le résultat moyen est 8 sur 20

Statistiques - réponses

IndicesRéponses% Correct
Dieu du Ciel qui fait régner l'ordre et la justice à la fois sur Terre et sur le mont OlympeZeus
96%
Auteur de l'ensemble de livres les Rougon-MacquartEmile Zola
95%
Célèbre personnage de Voltaire associé à la destinéeZadig
78%
Cette princesse de jeu vidéo tire son origine du prénom de la romancière américaine FitzgeraldZelda
78%
Bandes d'extraterrestres complètement timbrés de dessins-animées qui ont eu droit à une adaptation en bande-dessinéeZinzins de l'espace
67%
Ce "renard rusé qui fait sa loi" n'a pas fait ses débuts sur petit écran mais bien dans un livreZorro
60%
Roman burlesque et parodique de Raymond QueneauZazie dans le métro
55%
Dieu du Vent d'Ouest qui emporta Psyché dans le palais d’ÉrosZéphyr
50%
Auteur du Joueur d'échecsStefan Zweig
46%
"Prophète" du XIème siècle avant Jésus Christ né en IranZarathoustra
41%
Personnage grec de Níkos Kazantzákis repris dans un film en 1964Zorba
31%
Religion de ce dernier dont la principale divinité est Ahura MazdaZoroastrisme
26%
Prophète père de Jean le BaptisteZacharie
25%
Élève de Serpentard du même âge que Harry et dont la mère a été mariée sept foisBlaise Zabini
23%
Ennemi de Spirou qui possède à présent sa propre série de bandes-dessinéesZorglub
22%
Jeune indien qui conduit Tintin au Temple du SoleilZorrino
18%
Savant fou vivant sur son île privée qui rêve de s'emparer de la fortune de PicsouProfesseur Zantaf
13%
Cousin de Fantasio et méchant récurrent des aventures de ce dernier avec SpirouZantafio
12%
Égyptienne, fille d'Argante et amante de Léandre dans les Fourberies de ScapinZerbinette
8%
Déesse de la beauté dans la mythologie slaveZaria
2%

Distribution des résultats

Percentile par nombre de réponses

% des personnes avec chaque résultat

Votre développement - résultats

Vous n’avez pas pris ce quiz